00897nam a2200241Ia 450000100060000000300090000600800410001504000130005604000130006904100130008210000200009510000290011524500660014424501010021025000110031126000110032226000230033326000490035630000590040550001170046465000430058165000310062493434IT-RoPAU130308s9999 xx 000 0 und d aIT-RoPAU cIT-RoPAU aSPAGNOLO aTonello Timotea gCodice Aut. SPICS: 32775 aArte y liturgia: comunicacion al hombre, del hombre y de Dios bComunicaciones Fe Y Cultura-Jornadas nacionales de pastoral de los medios de comunicacion Social a1a ed. aMADRID bEdiciones Paulinas c1984 [1° Ed.:1984 - Ed.Ling.Originale:1984] a"10 p. (prefazione: no ; testo: 10 [pagine: 107-116])" aArte e Liturgia Comunicazione All'Uomo dell'uomo e di Dio Arte e Comunicazione Architettura Pittura e scultura  aCONVEGNI/MANIFESTAZIONI PASTORALE D.CS eCodice materia Spics: 9315